Ferrocarriles secundarios : Ley de 30 de julio de 1904 : plan general de los ferrocarriles secundarios : aprobado por Real Decreto de 31 de Marzo de 1904 : reglamento provisional : de 2 de noviembre de 1905 : plan supletorio de ferrocarriles secundarios : aprobado por Real Decreto de igual fecha, y disposiciones complementarias Ley de 30 de julio de 1904 :
MARC
| LEADER | 00000nam a2200000Ia 4500 | ||
|---|---|---|---|
| 001 | 17973 | ||
| 008 | 160829s1905 xx 000 0 cat d | ||
| 080 | |a RF-2-23 | ||
| 100 | |a Espanya. Lleis, etc. |9 23269 | ||
| 245 | |a Ferrocarriles secundarios : |b Ley de 30 de julio de 1904 : |b plan general de los ferrocarriles secundarios : |b aprobado por Real Decreto de 31 de Marzo de 1904 : |b reglamento provisional : |b de 2 de noviembre de 1905 : |b plan supletorio de ferrocarriles secundarios : |b aprobado por Real Decreto de igual fecha, y disposiciones complementarias | ||
| 260 | |a Madrid : |b Imprenta de la Gaceta de Madrid, |c 1905 | ||
| 300 | |a 69 p. ; |c 19 cm | ||
| 590 | |a A la part superior de la portada: Biblioteca legislativa de la Gaceta de Madrid. | ||
| 590 | |a Prové de 3197 | ||
| 650 | |a Ferrocarrils |x Dret i legislació |x Espanya |x S. XX |9 46610 | ||
| 856 | 4 | |u https://media.diba.cat/diba/fitxers/arxiu/fulletons/bib_17973_1905_baixa.pdf |y Accés lliure | |
| 856 | 4 | |u https://media.diba.cat/diba/fitxers/arxiu/fulletons/bib_17973_1905_baixa.pdf |y Accés lliure | |
| 901 | |a Arxiu | ||
| 942 | |n 1 |2 udc | ||
| 952 | |0 0 |1 0 |4 0 |6 RF223 |7 1 |9 53315 |a Arxiu |b Arxiu |d 2016-12-01 |l 0 |o RF-2-23 |p 17973 |r 2016-12-01 00:00:00 |w 2016-12-01 |y ARXIU | ||
| 999 | |c 57179 |d 57179 | ||
| 900 | |a bib_17973_1905_baixa.pdf | ||